01170nam a2200253Ia 4500008004100000040001800041041002600059245006200085260007400147300002300221490002200244508012600266511011500392546006200507650002000569650005600589650003300645650001500678650003200693700004300725710004000768765001900808856008900827130821s1963 xxua gs mul  aCo-BoUCMbspa00aspa°aeng°apor°afre00aCorredor sin retornoc[DVD]c[dirigida por] Samuel Fuller aWashington D.C. (Estados Unidos)bAllied Artists Pictures Corp.c1963 a1 DVDbson., color 0aColección Autor aDirector, Samuel Fuller ; guión, Samuel Fuller ; música, Paul Dunlap ; fotografía : Stanley Cortez & Samuel Fuller. aPeter Breck, Constance Towers, Gene Evans, James Best, Hari Rhodes, Larry Tucker, Philip Ahn, William Zuckert. aAudio en Español e Inglés. Subtítulos en Español.04aEntretenimiento04aPelículas cinematográficaszEstados UnidosvDVD04aPelículas de suspensovDVD04aPeriodismo04aPeriodistas en el cinevDVD1 aFuller, Samuel Michaeld1912-1997edir2 aAllied Artists Pictures Corporation tShock corridor04uhttp://www.youtube.com/watch?v=UoTBHeKh-MwzSiga este vínculo para ver el trailer.